000 00324nam a22001457a 4500
008 210519b ||||| |||| 00| 0 eng d
020 _a9780534568368
041 _aeng
080 _24th
_a94
082 _a94
100 _a16
101 _aSHH
245 _aWestern Civilization
_cJackson J. Spielvogel
942 _2udc
_cBK
999 _c57533
_d57533